000 01556 a2200217 4500
001 36559
005 20260407155640.0
008 260407a1967 arg spa d
003 AR-UNSa-BCEJYS
040 _aAR-UNSa-BCEJYS
_bspa
_cAR-UNSa-BCEJYS
080 _a330.43
_xEconometría
245 1 0 _aMétodos estadísticos de la econometría
264 1 _aBarcelona :
_bAriel
_c1967
300 _axx, 706 p.
_c23 cm.
505 _a1. Econometría son modelo aleatorio - 2. Modelos económicos e inducción estadística - 3. Modelo lineal de la regresión simple - 4. La función de consumo. Discusión de un problema econométrico - 5. Teoría general de la regresión lineal - 6. Regresiones múltiples - 7. Análisis de la variancia y de la covariancia - 8. Complementos diversos - 9. Modelos no lineales con errores aditivos - 10. Modelos lineales con errores en las variables - 11. Introducción a los procesos estocásticos - 12. Análisis estadístico de las series temporales - 13. Relación entre los errores en los modelos de regresión - 14. Modelos autorregresivos - 15. Modelos con retardos escalonados - 16. Modelos con ecuaciones múltiples en econometría - 17. Los problemas de estimación a la luz de algunos ejemplos - 18. Identificación - 19. Métodos generales de estimación de los modelos de varias ecuaciones - 20. Estimación de una ecuación en un modelo de ecuaciones múltiples
041 _aspa
942 _cBK
590 _aniveau_biblio:m niveau_hierar:0
100 1 _aMalinvaud, Edmond
700 1 _aArnaiz Vellando, Gonzalo
999 _c2659
_d2659